000 00949nam a22002171i 4500
001 181163
003 ES-MaACL
005 20230906221304.0
008 121025s1911 sp |||| | spa d
080 _a616.15-078
100 1 _aCoderque Navarro, Ramón.
_939419
245 1 3 _aLa reacción Wassermann en el cáncer, los opsoninas y la fagocitosis /
_cpor Ramón Coderque Navarro.
260 _a[Madrid :
_bJunta para Ampliación de Estudios e Investigaciones Científicas,
_c1911]
300 _aP. 295-329 ;
_c24 cm.
490 1 _aAnales de la Junta para Ampliación de Estudios e Investigaciones Científicas ;
_vt. 5, memoria 7
650 4 _aSerodiagnóstico.
_9151729
710 2 _aJunta para la Ampliación de Estudios e Investigaciones Científicas.
_95413
830 0 _aAnales de la Junta para Ampliación de Estudios e Investigaciones Científicas ;
_vt. 5, memoria 7
_9186710
852 _aES-MaACL
_jB-13161(7)
999 _c181163
_d181163